000 00582nam a2200217Ia 4500
003 OSt
005 20220926041214.0
006 a|||||r|||| 00| 0
007 ta
008 220923b |||||||| |||| 00| 0 eng d
037 _cGeneral Book
040 _aRTL
_cRTL
_beng
041 _2eng
_aeng
082 _aX4:73:N5, J5
100 _aDaggett Stuart
_9129285
245 0 _aPrinciples of inland transportation
250 _a4th
650 _aTransport Economics -- United States
942 _hX4:73:N5, J5
_cGB
_2CC
999 _c666611
_d666611